AVR Microcontroller And Embedded Systems (Record no. 352301)
[ view plain ]
| 000 -LEADER | |
|---|---|
| fixed length control field | 00508nam a2200169Ia 4500 |
| 008 - FIXED-LENGTH DATA ELEMENTS--GENERAL INFORMATION | |
| fixed length control field | 230718s9999 xx 000 0 und d |
| 020 ## - INTERNATIONAL STANDARD BOOK NUMBER | |
| International Standard Book Number | 9789332518407 |
| 041 ## - LANGUAGE CODE | |
| Language code of text/sound track or separate title | eng |
| 082 ## - DEWEY DECIMAL CLASSIFICATION NUMBER | |
| Classification number | 004.165 |
| Item number | MAZ |
| 100 ## - MAIN ENTRY--PERSONAL NAME | |
| Personal name | Mazidi M.A. |
| 245 ## - TITLE STATEMENT | |
| Title | AVR Microcontroller And Embedded Systems |
| Remainder of title | Using Assembly And C |
| 260 ## - PUBLICATION, DISTRIBUTION, ETC. (IMPRINT) | |
| Date of publication, distribution, etc. | 2015 |
| Name of publisher, distributor, etc. | Pearson |
| 300 ## - PHYSICAL DESCRIPTION | |
| Extent | 743 |
| Accompanying material [OBSOLETE, CAN/MARC] | Ref 872 I (49555) |
| 365 ## - TRADE PRICE | |
| Currency code | Rs. |
| Price amount | 949.00 |
| 700 ## - ADDED ENTRY--PERSONAL NAME | |
| Personal name | Mazidi M.A.; Naimi S. & Naimi S. |
| 906 ## - LOCAL DATA ELEMENT F, LDF (RLIN) | |
| d | O:0740825-Feb-2022B:04422-Feb-2022 |
| c | SBB-M |
| b | 474.5 |
| Withdrawn status | Lost status | Damaged status | Not for loan | Home library | Current library | Date acquired | Vendor | Budget Code | Cost, normal purchase price | Bill number | Total Checkouts | Full call number | Barcode | Checked out | Date last seen | Date last checked out | Discount | Cost, replacement price | Bill Date | Koha item type | Original Barcode |
|---|---|---|---|---|---|---|---|---|---|---|---|---|---|---|---|---|---|---|---|---|---|
| Cummins College of Engineering for Women Pune | Cummins College of Engineering for Women Pune | 25/02/2022 | Om Book Stall | SBB-M | 711.75 | 44 | 2 | 004.165 | CCEP-BK-63512 | 31/07/2026 | 29/01/2026 | 29/01/2026 | 474.5 | 949.00 | 22/02/2022 | Books | 063512 |